Pays de plus en plus éloignés de la France sur une carte - Statistiques

Statistiques générales
  • Ce quiz a été pris 40 461 fois
  • Le résultat moyen est 8 sur 11
Réponses sur la Carte
Les réponses sont colorées sur une échelle allant du rouge au vert en fonction du pourcentage des utilisateurs qui les ont devinées à leur premier essai. Vous pouvez retrouver ces pourcentages ci-dessous.
 
Statistiques - réponses
# de frontières entre Pays % Correct
1 Andorre | Belgique | Brésil | Allemagne | Italie | Luxembourg | Monaco | Espagne | Suriname | Suisse
100%
2 Argentine | Autriche | Bolivie | Colombie | République tchèque | Danemark | Guyana | Liechtenstein | Maroc | Pays-Bas | Paraguay | Pérou | Pologne | Portugal | Saint-Marin | Slovénie | Uruguay | Vatican | Venezuela
95%
3 Algérie | Biélorussie | Chili | Croatie | Équateur | Hongrie | Lituanie | Mauritanie | Panama | Russie | Slovaquie | Ukraine
91%
4 Azerbaïdjan | Bosnie-Herzégovine | Chine | Costa Rica | Estonie | Finlande | Géorgie | Kazakhstan | Lettonie | Libye | Mali | Moldavie | Mongolie | Monténégro | Niger | Corée du Nord | Norvège | Roumanie | Sénégal | Serbie | Tunisie
88%
5 Afghanistan | Albanie | Arménie | Bénin | Bhoutan | Bulgarie | Burkina Faso | Tchad | Égypte | Gambie | Guinée | Guinée-Bissau | Inde | Iran | Côte-d'Ivoire | Kosovo | Kirghizistan | Laos | Birmanie | Népal | Nicaragua | Nigeria | Macédoine du Nord | Pakistan | Corée du Sud | Soudan | Suède | Tadjikistan | Turquie | Turkménistan | Ouzbékistan | Vietnam
85%
6 Bangladesh | Cambodge | Cameroun | République centrafricaine | Érythrée | Éthiopie | Ghana | Grèce | Honduras | Irak | Israël | Libéria | Sierra Leone | Soudan du Sud | Syrie | Thaïlande | Togo
76%
7 République démocratique du Congo | Djibouti | Salvador | Guinée équatoriale | Gabon | Guatémala | Jordanie | Kenya | Koweït | Liban | Malaisie | République du Congo | Arabie saoudite | Somalie | Ouganda
67%
8 Angola | Belize | Brunei | Burundi | Indonésie | Mexique | Oman | Qatar | Rwanda | Tanzanie | Émirats arabes unis | Yémen | Zambie
63%
9 Botswana | Timor oriental | Malawi | Mozambique | Namibie | Papouasie-Nouvelle-Guinée | États-Unis | Zimbabwe
59%
10 Canada | Eswatini | Afrique du Sud
56%
11 Lesotho
43%
Aucun quiz correspondant
Distribution des résultats
% des personnes avec chaque résultat
Percentile par nombre de réponses
Votre historique - résultats
Vous n’avez pas pris ce quiz